Polymer adhesives chemistry (Record no. 74809)

MARC details
000 -LEADER
fixed length control field 00308nam a22001217a 4500
082 ## - DEWEY DECIMAL CLASSIFICATION NUMBER
Classification number RIB.5 678.061
Item number MAJ
100 ## - MAIN ENTRY--AUTHOR NAME
Personal name MAJUMDAR (Samir)
245 ## - TITLE STATEMENT
Title Polymer adhesives chemistry
260 ## - PUBLICATION, DISTRIBUTION, ETC. (IMPRINT)
Place of publication Thailand
Name of publisher Technobiz communications
Year of publication 2018
300 ## - PHYSICAL DESCRIPTION
Number of Pages 64p.
650 ## - SUBJECT ADDED ENTRY--TOPICAL TERM
Topical Term Polymer adhesives chemistry
942 ## - ADDED ENTRY ELEMENTS (KOHA)
Koha item type Books
Holdings
Withdrawn status Lost status Damaged status Not for loan Home library Current library Date acquired Source of acquisition Full call number Accession Number Koha item type
        RRII Library RRII Library 12/07/2022 Maruthi Subscription Services, Hyderabad 678.061 MAJ 23561 Books